La Opera en México de 1924 a 1984 : (Record no. 163521)

MARC details
000 -LEADER
fixed length control field 00673nam a22001817a 4500
005 - DATE AND TIME OF LATEST TRANSACTION
control field 20220804132914.0
008 - FIXED-LENGTH DATA ELEMENTS--GENERAL INFORMATION
fixed length control field 220804b mx ||||| |||| 00| 0 spa d
020 ## - INTERNATIONAL STANDARD BOOK NUMBER
International Standard Book Number 9683600018
050 04 - LIBRARY OF CONGRESS CALL NUMBER
Classification number ML1715
Item number D53 1986
100 1# - MAIN ENTRY--PERSONAL NAME
Personal name Diaz Du-pond, Carlos
245 13 - TITLE STATEMENT
Title La Opera en México de 1924 a 1984 :
Remainder of title Testimonio operistico /
Statement of responsibility, etc Carlos Díaz du-pond
250 ## - EDITION STATEMENT
Edition statement Segunda edición
260 ## - PUBLICATION, DISTRIBUTION, ETC. (IMPRINT)
Place of publication, distribution, etc México :
Name of publisher, distributor, etc Universidad Nacional Autónoma de México :
-- Instituto de Investigaciones Estéticas,
Date of publication, distribution, etc 1986
300 ## - PHYSICAL DESCRIPTION
Extent 418 paginas ;
Dimensions 23 cm.
490 0# - SERIES STATEMENT
Series statement Cuadernos de historia del arte ;
Volume number/sequential designation 42
650 #7 - SUBJECT ADDED ENTRY--TOPICAL TERM
Source of heading or term lemb
Topical term or geographic name as entry element Ópera
Geographic subdivision México
General subdivision Historia y critica
942 ## - ADDED ENTRY ELEMENTS (KOHA)
Source of classification or shelving scheme Biblioteca del Cogreso de los Estados Unidos
Koha item type Libro
Holdings
Estado de pérdida Fuente de clasificación Estado del daño No para préstamo Ubicación permanente Ubicación actual Apartado o colección Fecha de adquisición Edición Dependencia de educación superior (DES) Área del conocimiento Total Checkouts Clasificación Código de Barras Date last seen Número de copia Costo por reposición Tipo de recurso
  Biblioteca del Cogreso de los Estados Unidos     Biblioteca del Instituto de Investigaciones Históricas Biblioteca del Instituto de Investigaciones Históricas General 04/08/2022 1a ed. Humanidades Educación y Humanidades   ML1715 D53 1986 IIH000033439 04/08/2022 C:1 1.00 Libro